Gens par pays n°4 - Statistiques

Statistiques générales
  • Ce quiz a été pris 72 fois
  • Le résultat moyen est 17 sur 24
Statistiques - réponses
personne pays % Correct
Mohandas Gandhi Inde
99%
Winston Churchill Royaume-Uni
99%
Jules César Italie
97%
Rasputin Russie
97%
Julio Iglesias Espagne
94%
Cléopâtre Égypte
93%
Lionel Messi Argentine
90%
Roger Federer Suisse
87%
Aristote Grèce
85%
Bob Marley Jamaïque
85%
Sigmund Freud Autriche
82%
Thomas Edison Etats-Unis
79%
Shakira Colombie
78%
Stieg Larsson Suède
73%
Chow Yun-Fat Chine
70%
Ruhollah Khomeini Iran
63%
Pancho Villa Mexique
61%
Vlad III l'Empaleur Roumanie
55%
Haïlé Sélassié Ier Éthiopie
45%
James Joyce Irlande
42%
Frederik de Klerk Afrique du Sud
37%
Gisele Bündchen Brésil
36%
Imelda Marcos Philippines
30%
Steve Irwin Australie
27%
Aucun quiz correspondant
Distribution des résultats
% des personnes avec chaque résultat
Percentile par nombre de réponses
Votre historique - résultats
Vous n’avez pas pris ce quiz